|
|
|
|
| LEADER |
00000cam a2200000 a 4500 |
| 001 |
vtls001110481 |
| 003 |
SK-MaSNL |
| 005 |
20260301193924.0 |
| 008 |
240314s1977 xo a e n 00000 slo |
| 015 |
|
|
|a SNBA1978
|
| 020 |
|
|
|c 98 Kčs.
|
| 035 |
|
|
|a SNK000053324
|
| 040 |
|
|
|a SNK
|b slo
|c SNK
|e AACR2
|
| 041 |
0 |
|
|a slo
|
| 044 |
|
|
|a xo
|c SK
|
| 080 |
|
|
|a 225/228.06.000.281.93(075.8)
|2 1981
|
| 100 |
1 |
|
|a Pružinský, Štefan,
|d 1935-
|4 aut
|9 198279
|
| 245 |
1 |
0 |
|a Úvod do Písma svätého Nového zákona
|c Štefan Pružinský
|
| 260 |
|
|
|a Bratislava
|b CN
|c 1977
|
| 300 |
|
|
|a 236 s.
|b tab.
|c 29 cm
|
| 500 |
|
|
|a Vyd. pre Pravoslávnu cirkev, Praha
|
| 504 |
|
|
|a Bibliogr. odkazy
|
| 610 |
0 |
7 |
|a Pravoslávna cirkev
|9 32377
|
| 630 |
0 |
7 |
|a Biblia
|p N. Z.
|2 SNKPH
|9 558573
|
| 655 |
|
7 |
|a učebnice vysokých škôl
|2 SNKPH
|9 70191
|
| 710 |
2 |
|
|a Pravoslávna cirkev (Praha, Česko)
|4 pbl
|9 573832
|
| 958 |
|
|
|a OND
|
| 958 |
|
|
|a NB
|
| 958 |
|
|
|a TL
|
| 958 |
|
|
|a UV
|
| 999 |
|
|
|c 879721
|d 881651
|
| 952 |
|
|
|a SNK
|b SNK
|y PREZ
|7 0
|p 17A0967991
|o snkSB 25889
|i snkKSP 280/78
|0 0
|1 0
|4 0
|d 2014-06-26
|f 1
|l 0
|r 2025-03-28 00:00:00
|w 2026-02-24
|
| 952 |
|
|
|a SNK
|b SNK
|y VYP
|7 0
|o snkSB 25889 D1
|i snkKSP 281/78
|0 0
|1 0
|4 0
|d 2014-06-26
|l 0
|r 2026-02-24 06:12:17
|w 2026-02-24
|